ბათუმის შოთა რუსთაველის სახელმწიფო უნივერსიტეტის ბიბლიოთეკა

ჩვენებური კაცი (ბიბ.ჩანაწერი № 48684)

000 -LEADER
fixed length control field 01095nam a2200229Ia 4500
001 - CONTROL NUMBER
control field 15584
003 - CONTROL NUMBER IDENTIFIER
control field GE_BSU
008 - FIXED-LENGTH DATA ELEMENTS--GENERAL INFORMATION
fixed length control field 181216s||||||||xx |||||||||||||| ||und||
040 ## - CATALOGING SOURCE
Transcribing agency GE_BSU
100 ## - MAIN ENTRY--PERSONAL NAME
Personal name ჩეკურიშვილი, ვალერიან
245 ## - TITLE STATEMENT
Title ჩვენებური კაცი
245 ## - TITLE STATEMENT
Remainder of title მოთხრობები
245 ## - TITLE STATEMENT
Statement of responsibility, etc. რედ.შ.კაპანაძე. მხატვ.ვ. ფურცელაძე
260 ## - PUBLICATION, DISTRIBUTION, ETC.
Place of publication, distribution, etc. თბილისი
260 ## - PUBLICATION, DISTRIBUTION, ETC.
Name of publisher, distributor, etc. საბჭოთა საქართველო
260 ## - PUBLICATION, DISTRIBUTION, ETC.
Date of publication, distribution, etc. 1967
300 ## - PHYSICAL DESCRIPTION
Extent 168გვ. ; 17სმ
653 ## - INDEX TERM--UNCONTROLLED
Uncontrolled term მთების სიზმარი; ჭალის ბილიკზე; ღრჯუ; ღამისფერი მხედარი; ჩამქრალი მთვარე; ჩვენებური კაცი; უმამისახელო ბიჭები; ფოთლები ფანჯარაში
653 ## - INDEX TERM--UNCONTROLLED
Uncontrolled term მოთხრობები
653 ## - INDEX TERM--UNCONTROLLED
Uncontrolled term ჩვენებური კაცი
942 ## - ADDED ENTRY ELEMENTS (KOHA)
Koha item type წიგნი
ეგზემპლარები
Withdrawn status Lost status Damaged status Not for loan Date acquired Barcode Date last seen Price effective from Koha item type
        2018-12-17 38658 2018-12-17 2018-12-17 წიგნი